[Event "Rilton Cup 39th"]
[Site "Stockholm"]
[Date "2009.12.29"]
[Round "3"]
[White "Bryntze, Stefan"]
[Black "Kauppila, Osmo"]
[Result "1/2-1/2"]
[WhiteElo "2073"]
[BlackElo "2279"]
[PlyCount "91"]
[EventDate "2009.12.27"]
[EventType "swiss"]
[EventRounds "9"]
[EventCountry "SWE"]
[SourceTitle "CBM 134 Extra"]
[Source "ChessBase"]
[SourceDate "2010.03.03"]
[SourceVersion "1"]
[SourceVersionDate "2010.03.03"]
[SourceQuality "1"]

1. f4 Nf6 2. Nf3 g6 3. b3 Bg7 4. Bb2 0-0 5. e3 c5 6. Be2 Nc6 7. Bb5 Qc7 8. 0-0 d6 9. Bxc6 Qxc6 10. d3 b5 11. Nbd2 Bb7 12. Qe1 e5 13. fxe5 Ng4 14. e4 Nxe5 15. Nxe5 dxe5 16. Qg3 f6 17. a4 a6 18. Rf2 Rad8 19. Nf1 c4 20. bxc4 bxc4 21. Ne3 cxd3 22. Nd5 Qe6 23. c4 f5 24. Qh3 Bxd5 25. exd5 Qb6 26. Qxd3 e4 27. Qa3 Bd4 28. Bxd4 Qxd4 29. Rc1 f4 30. Qc3 Qc5 31. Rd1 Rc8 32. Rd4 e3 33. Re2 Rce8 34. Qd3 Qe7 35. d6 Qf6 36. d7 Rd8 37. h3 Rf7 38. c5 Qe6 39. c6 Qxc6 40. Rc2 Qe6 41. Rc8 Rff8 42. Rd6 Qa2 43. Rxg6+ hxg6 44. Qxg6+ Kh8 45. Qh6+ Kg8 46. Qg6+ 1/2-1/2

[Event "Rilton Cup 39th"]
[Site "Stockholm"]
[Date "2009.12.28"]
[Round "2"]
[White "Yuneev, Alexey"]
[Black "Bryntze, Stefan"]
[Result "1-0"]
[WhiteElo "2428"]
[BlackElo "2073"]
[PlyCount "41"]
[EventDate "2009.12.27"]
[EventType "swiss"]
[EventRounds "9"]
[EventCountry "SWE"]
[SourceTitle "CBM 134 Extra"]
[Source "ChessBase"]
[SourceDate "2010.03.03"]
[SourceVersion "1"]
[SourceVersionDate "2010.03.03"]
[SourceQuality "1"]

1. e4 e5 2. Nf3 Nf6 3. d4 d5 4. exd5 e4 5. Ne5 Bd6 6. c4 Nbd7 7. Nxd7 Bxd7 8. Bg5 h6 9. Bh4 g5 10. Bg3 e3 11. fxe3 Bxg3+ 12. hxg3 Qe7 13. Nc3 0-0-0 14. Qf3 Rhe8 15. Kd2 c5 16. Bd3 Bg4 17. Bf5+ Bxf5 18. Qxf5+ Kb8 19. Rae1 cxd4 20. exd4 Qb4 21. Kc2 1-0

[Event "Rilton Cup 39th"]
[Site "Stockholm"]
[Date "2009.12.27"]
[Round "1"]
[White "Bryntze, Stefan"]
[Black "Cramling, Dan"]
[Result "1/2-1/2"]
[WhiteElo "2073"]
[BlackElo "2408"]
[PlyCount "45"]
[EventDate "2009.12.27"]
[EventType "swiss"]
[EventRounds "9"]
[EventCountry "SWE"]
[SourceTitle "CBM 134 Extra"]
[Source "ChessBase"]
[SourceDate "2010.03.03"]
[SourceVersion "1"]
[SourceVersionDate "2010.03.03"]
[SourceQuality "1"]

1. f4 g6 2. Nf3 Bg7 3. e3 Nf6 4. b3 Ne4 5. c3 d5 6. Bb2 Nd7 7. Qc2 0-0 8. c4 Bxb2 9. Qxb2 e6 10. Nc3 Qf6 11. Be2 b6 12. d4 Nxc3 13. Qxc3 dxc4 14. bxc4 Bb7 15. 0-0 c5 16. Ne5 Rfd8 17. Bf3 Bxf3 18. Rxf3 Rac8 19. Raf1 Rc7 20. d5 exd5 21. cxd5 c4 22. e4 Re8 23. Nxd7 1/2-1/2